| 000 | 00758nam a22002417a 4500 | ||
|---|---|---|---|
| 001 | 000776 | ||
| 003 | DO-SdBNP | ||
| 005 | 20161130145348.0 | ||
| 007 | 000776 | ||
| 008 | 161129b 1999 nyu a ||||| |||| 00| 0 spa d | ||
| 040 |
_aBPMSU _bspa _cBPMSU |
||
| 082 |
_axxxx _bxxxx |
||
| 100 | 1 |
_aPinkwater, Daniel Manus, _d1941- |
|
| 245 | 1 | 0 |
_aBig Bob and the magic Valentine's Day potato / _cby Daniel Pinkwater ; illustrated by Jill Pinkwater. |
| 260 |
_aNew York : _bScholastic, _c1999. |
||
| 300 |
_av. : _bil. ; _c23 cm. |
||
| 490 | 1 |
_aHello reader!, Level _vLevel 3. |
|
| 500 | _aGrades 1 & 2 | ||
| 700 | 1 | 2 |
_aPinkwater, Jill, _eil. |
| 830 | 0 |
_aHello reader! ; _vLevel 3. |
|
| 942 |
_2ddc _cBK |
||
| 956 |
_2LOPEREZ _310 _620161130 _8BPMSU _a00041 |
||
| 999 |
_c12192 _d12192 |
||